| 000 | 00695nmm a2200193Ia 4500 | ||
|---|---|---|---|
| 008 | 251105s9999||||xx |||||||||||||||||und|| | ||
| 020 | _a9788495107237 | ||
| 041 | _aspa | ||
| 100 | _aSerra Canals, Francisco de | ||
| 245 | 0 |
_aEl Perito incógnito y el Curioso aprovechado : _b Tratado de minería inédito del Virreinato del Río de la Plata |
|
| 264 |
_a[Madrid, España] : _bIberoamericana Vervuert, _c1999 |
||
| 300 | _a188 páginas | ||
| 490 | _aTextos y Estudios Coloniales y de la Independencia | ||
| 650 | _aHistory of the Americas: Latin America | ||
| 700 | _aSerra Canals, Francisco de | ||
| 700 | 1 | _a | |
| 856 | _uhttps://public.digitaliapublishing.com/a/102008 | ||
| 942 | _cCF | ||
| 999 |
_c71320 _d71320 |
||